| 000 | 01428nam a2200373 a 4500 | ||
|---|---|---|---|
| 001 | ebr10156492 | ||
| 003 | CaPaEBR | ||
| 006 | m u | ||
| 007 | cr cn||||||||| | ||
| 008 | 061030s2006 enka s 001 0beng d | ||
| 010 | _z 2006298791 | ||
| 015 |
_aGBA637236 _2bnb |
||
| 016 | 7 |
_z013438123 _2Uk |
|
| 020 | _z1845112717 (hbk.) | ||
| 024 | 3 | _a9781845112714 (hbk.) | |
| 040 |
_aCaPaEBR _cCaPaEBR |
||
| 035 | _a(OCoLC)82153390 | ||
| 043 |
_aaw----- _aa-jo--- |
||
| 050 | 1 | 4 |
_aHC29.S43 _bA3 2006eb |
| 082 | 0 | 4 |
_a338.04092 _222 |
| 100 | 1 | _aShair, Kamal A. | |
| 245 | 1 | 0 |
_aOut of the Middle East _h[electronic resource] : _bthe emergence of an Arab global business / _cKamal A. Shair. |
| 260 |
_aLondon ; _aNew York : _bI.B. Tauris ; _aNew York : _bDistributed by Palgrave Macmillan, _c2006. |
||
| 300 |
_ax, 262 p. : _bill. (some col.). |
||
| 500 | _aIncludes index. | ||
| 533 |
_aElectronic reproduction. _bPalo Alto, Calif. : _cebrary, _d2013. _nAvailable via World Wide Web. _nAccess may be limited to ebrary affiliated libraries. |
||
| 600 | 1 | 0 | _aShair, Kamal A. |
| 610 | 2 | 0 | _aDar al-Handasah (Firm) |
| 650 | 0 |
_aBusinesspeople _zMiddle East _vBiography. |
|
| 650 | 0 |
_aPoliticians _zJordan _vBiography. |
|
| 655 | 7 |
_aElectronic books. _2local |
|
| 710 | 2 | _aebrary, Inc. | |
| 856 | 4 | 0 |
_uhttp://site.ebrary.com/lib/rucke/Doc?id=10156492 _zAn electronic book accessible through the World Wide Web; click to view |
| 999 |
_c201350 _d201350 |
||